000 00497nas a2200169 a 4500
001 000037515
005 20200930080415.0
008 120420c20069999dr ur1p dd 0 0spa d
040 _aDO-SdBNP
_bspa
_cBNPHU
043 _anwdr
245 0 0 _aHortensias magazine.
260 _aBonao, República Dominicana : Alejandrina Hernández,
_c2006.
300 _av.- :
_bil. ;
_c29 cm.
310 _aDesconocido
362 1 _aNo. 1, (Agosto 2006)
500 _aCatalogación basada en : No. 1, (Agosto 2006)
999 _c37005
_d37005